Trh práce a problémy nezamestnanosti na Slovensku
Zamestnanosť a nezamestnanosť v Európskej únii a na Slovensku. Viaceré príčiny a hlavné faktory vysokej miery nezamestnanosti na Slovensku. Hospodárska politika a pracovný trh na Slovensku.
Salvato in:
| Autore principale: | |
|---|---|
| Natura: | Capitolo di libro |
| Lingua: | slovacco |
| Soggetti: | |
| Tags: |
Nessun Tag, puoi essere il primo ad aggiungerne!!
|
MARC
| LEADER | 00000naa$a2200000$$$4500 | ||
|---|---|---|---|
| 001 | 0224446 | ||
| 005 | 20240502073657.5 | ||
| 041 | 0 | |a slo | |
| 044 | |a SK | ||
| 245 | 1 | 0 | |a Trh práce a problémy nezamestnanosti na Slovensku |c Elena Moravčíková |
| 520 | |a Zamestnanosť a nezamestnanosť v Európskej únii a na Slovensku. Viaceré príčiny a hlavné faktory vysokej miery nezamestnanosti na Slovensku. Hospodárska politika a pracovný trh na Slovensku. | ||
| 610 | 2 | 0 | |a trh práce |
| 610 | 2 | 0 | |a oživenie |
| 610 | 2 | 0 | |a zamestnanosť |
| 610 | 2 | 0 | |a nezamestnanosť |
| 610 | 2 | 0 | |a podpora zamestnanosti |
| 610 | 2 | 0 | |a politika zamestnanosti |
| 610 | 2 | 0 | |a Slovensko |
| 100 | 1 | |a Moravčíková, Elena, 1967- | |